000 01268nam a2200325 4500
003 EG-GICUC
005 20260121101152.0
008 251106s1988 ua ||||fr|||| 00| 0 ara d
017 _a885706
020 _a9770404152
040 _a EG-GICUC
_bara
_c EG-GICUC
_d EG-GICUC
_erda
041 0 _aara
082 0 4 _221
_a341.84
_bع ن . م
092 0 4 _221
099 _aLaw1 12 341.84 ع ن . م 1988
100 0 _aعنايت عبدالحميد ثابت
_eمؤلف.
245 1 0 _aمستحدث القول فى تحديد مجال ولاية القضاء المصرى بالفصل فى المنازعات ذات الطابع الدولى /
_cعنايت عبدالحميد ثابت.
264 _aالقاهره :
_bدار النهضة العربية،
_c1988.
300 _a155؛ صفحة
_c24 سم
336 _2rda content
_atext
337 _2rda media
_aComputer
338 _2rda carrier
_aOnline Resource
504 _aيحتوي على اراجاعات ببليوجرافية
546 _aالنص باللغة العربية
650 1 _aتنازع القوانين
650 1 _aالاختصاص القضائي الدولي الخاص
856 4 0 _uhttps://fll.law.cu.edu.eg/fulltext/bks/B12-00845.pdf
905 _a75
942 _2ddc
_n0
_cBK
_e21
999 _c41502
_d41502